Visualizzazione normale
Vista MARC
- Serdán y Aguirregavidia, Eulogio,
di Personal Name
Records bibliografici associati: 1
001 - CONTROL NUMBER
- control field: 7758
003 - CONTROL NUMBER IDENTIFIER
- control field: IT-RoINE
005 - DATE AND TIME OF LATEST TRANSACTION
- control field: 20140516150101.0
008 - FIXED-LENGTH DATA ELEMENTS
- fixed length control field: 140516|| aca||aabn | a|a d
040 ## - CATALOGING SOURCE
- Original cataloging agency: IT-RoINE
- Transcribing agency: IT-RoINE
100 ## - HEADING--PERSONAL NAME
- Personal name: Serdán y Aguirregavidia, Eulogio,
- Dates associated with a name: 1853-1929
670 ## - SOURCE DATA FOUND
- Source citation: Work cat.: (IT-RoINE)0: Serdán y Aguirregavidia, Eulogio, 1853-1929, Vitoria :, 1927.